00739nam a2200205Ia 4500003000900000008004100009020001800050040001600068080002100084245011700105260003400222300001500256650001800271650004100289650002500330700003000355942000700385999001500392952012600407IN-BaIIA211028s9999 xx 000 0 eng d a3-540-50412-5 cIIA Library a52(048.1)bREV-1 0aReviews in modern astronomybcosmic chemistry; 1cedited by Gerhard Klare  aBerlinbSpringer-Verlagc1988 avii, 253p. aAstronomy980 aAstronomy and astrophysics thesaurus aCosmochemistry91212 aKlare, Gerhard ed.916466 cBK c9733d9733 00104070aBANbBANcGENd0000-00-00g620.60l0o52(048.1)/ REV-1p10643r2021-11-05v620.60w0000-00-00yBKGRs. 620.60